[Event "Biel HTO 56th"]
[Site "Biel"]
[Date "2023.07.17"]
[Round "1"]
[White "Pernutz, Hans Gerhard"]
[Black "Huston, Gus"]
[Result "1/2-1/2"]
[WhiteElo "2054"]
[BlackElo "2341"]
[PlyCount "81"]
[EventDate "2023.07.17"]
[EventType "swiss"]
[EventRounds "10"]
[EventCountry "SUI"]
[SourceTitle "CBM 215 Extra"]
[Source "ChessBase"]
[SourceDate "2023.09.30"]
[SourceVersion "1"]
[SourceVersionDate "2023.09.30"]
[SourceQuality "1"]

1. e4 c5 2. Nf3 d6 3. d4 cxd4 4. Nxd4 Nf6 5. Nc3 Nc6 6. Bc4 Qb6 7. Nb3 e6 8. 0-0 a6 9. a4 Be7 10. a5 Qc7 11. Be2 Bd7 12. f4 b5 13. axb6 Qxb6+ 14. Kh1 a5 15. Bf3 Rb8 16. Re1 h5 17. Be3 Qc7 18. Qe2 Ng4 19. Bg1 g5 20. Bxg4 hxg4 21. Nd5 Qd8 22. Nxe7 Qxe7 23. Qxg4 Rh4 24. Qxg5 Qxg5 25. fxg5 Rb5 26. Bf2 Rg4 27. h4 Rb4 28. Nxa5 Nxa5 29. Rxa5 Bc6 30. Kh2 Rxb2 31. Kh3 Rxe4 32. Rxe4 Bxe4 33. Bd4 Rxc2 34. Bf6 Rxg2 35. Ra4 Bd5 36. h5 Rg1 37. h6 e5 38. Ra7 Rh1+ 39. Kg3 Be6 40. Kf2 Bf5 41. Ra8+ 1/2-1/2

[Event "GER Cup Net V3 U2400"]
[Site "Playchess.com INT"]
[Date "2020.05.27"]
[Round "6"]
[White "Pernutz, Hans Gerhard"]
[Black "Lachmann, Utz"]
[Result "1-0"]
[WhiteElo "1864"]
[BlackElo "1837"]
[PlyCount "159"]
[EventDate "2020.05.27"]
[EventType "swiss (blitz)"]
[EventRounds "9"]
[EventCountry "GER"]
[SourceTitle "EXT 2021"]
[Source "ChessBase"]
[SourceDate "2020.10.23"]
[SourceVersion "1"]
[SourceVersionDate "2020.10.23"]
[SourceQuality "1"]

1. e4 d6 2. d4 Nf6 3. Nc3 g6 4. Nf3 Bg7 5. Be2 0-0 6. 0-0 Bg4 7. Be3 Nc6 8. Qd2 e5 9. dxe5 dxe5 10. Rad1 Bxf3 11. Bxf3 Qxd2 12. Rxd2 Rfd8 13. Rfd1 Rxd2 14. Rxd2 a6 15. Nb1 Rd8 16. Rxd8+ Nxd8 17. Nd2 Nc6 18. c3 h5 19. Be2 Kf8 20. b3 Ke7 21. b4 Nd7 22. a4 Bf6 23. Nb3 Kd8 24. Bc4 Ke7 25. Bd5 Nd8 26. b5 axb5 27. axb5 c6 28. Bc4 Ke8 29. b6 Be7 30. g3 f5 31. exf5 gxf5 32. Be2 h4 33. Bh5+ Kf8 34. Bg6 hxg3 35. fxg3 f4 36. gxf4 exf4 37. Bxf4 Nxb6 38. Nd4 Bc5 39. Kg2 Nd5 40. Bd2 Bxd4 41. cxd4 Ne6 42. Be4 Nxd4 43. h4 Kf7 44. h5 Ne6 45. Kf3 Nf6 46. Bg6+ Ke7 47. h6 Nf8 48. Bd3 b5 49. Bg5 Kf7 50. Bf4 Ng6 51. Bg5 Ne5+ 52. Ke3 Nxd3 53. Kxd3 Nh7 54. Ke3 Ke6 55. Kf4 Kd5 56. Be7 c5 57. Kf5 c4 58. Kg6 c3 59. Kxh7 Ke4 60. Kg7 Kd3 61. h7 c2 62. Ba3 b4 63. Bb2 Kd2 64. h8Q b3 65. Qh2+ Kd1 66. Qh1+ Kd2 67. Qc1+ Kd3 68. Kg6 Ke2 69. Kf5 Kd3 70. Kg4 Ke2 71. Kf4 Kd3 72. Ke5 Kc4 73. Ke4 Kb4 74. Kd3 Ka4 75. Kc4 Ka5 76. Kxb3 Kb5 77. Qxc2 Ka5 78. Bd4 Ka6 79. Qc6+ Ka5 80. Qb6# 1-0

[Event "GER Cup Net V1 U2400"]
[Site "Playchess.com INT"]
[Date "2020.05.19"]
[Round "6"]
[White "Pernutz, Hans Gerhard"]
[Black "De Reuter, Uwe"]
[Result "0-1"]
[WhiteElo "1901"]
[BlackElo "1798"]
[PlyCount "64"]
[EventDate "2020.05.19"]
[EventType "swiss (blitz)"]
[EventRounds "9"]
[EventCountry "GER"]
[SourceTitle "EXT 2021"]
[Source "ChessBase"]
[SourceDate "2020.10.23"]
[SourceVersion "1"]
[SourceVersionDate "2020.10.23"]
[SourceQuality "1"]

1. e4 c6 2. c4 d5 3. cxd5 cxd5 4. exd5 Nf6 5. Bb5+ Nbd7 6. Nc3 g6 7. d4 Bg7 8. Bg5 0-0 9. Nge2 a6 10. Ba4 b5 11. Bb3 Bb7 12. d6 e6 13. 0-0 Nb6 14. Bf4 Nfd5 15. Be5 Nxc3 16. bxc3 Nc8 17. Bxg7 Kxg7 18. d5 Bxd5 19. Bxd5 exd5 20. Qxd5 Nxd6 21. a4 Nc4 22. Qe4 Nd2 23. Qe5+ Qf6 24. Qxf6+ Kxf6 25. Rfd1 Nb3 26. Ra3 bxa4 27. Rxa4 Rfd8 28. Rb1 Nc5 29. Rc4 Rac8 30. Nd4 Ne6 31. Nc6 Rd6 32. Rb6 Rd1# 0-1

[Event "GER Cup Net V1 U2400"]
[Site "Playchess.com INT"]
[Date "2020.05.19"]
[Round "4"]
[White "Pernutz, Hans Gerhard"]
[Black "Volkmer, Andreas"]
[Result "0-1"]
[WhiteElo "1901"]
[BlackElo "2029"]
[PlyCount "80"]
[EventDate "2020.05.19"]
[EventType "swiss (blitz)"]
[EventRounds "9"]
[EventCountry "GER"]
[SourceTitle "EXT 2021"]
[Source "ChessBase"]
[SourceDate "2020.10.23"]
[SourceVersion "1"]
[SourceVersionDate "2020.10.23"]
[SourceQuality "1"]

1. e4 g6 2. d4 Bg7 3. Nf3 d6 4. c4 Nc6 5. Nc3 e5 6. Be3 exd4 7. Nxd4 Nf6 8. Be2 0-0 9. 0-0 Re8 10. Bf3 Ne5 11. h3 Nxc4 12. Qb3 Nxe3 13. fxe3 Rb8 14. Rac1 Be6 15. Nxe6 fxe6 16. Nb5 c6 17. Nd4 d5 18. exd5 exd5 19. Rce1 Kh8 20. e4 dxe4 21. Ne6 Qb6+ 22. Qxb6 axb6 23. Nxg7 Kxg7 24. Be2 Rbd8 25. Bc4 Rd4 26. Bb3 Red8 27. Re2 c5 28. Ref2 R8d6 29. g4 h6 30. h4 e3 31. Rf3 Rxg4+ 32. Kh2 Rxh4+ 33. Kg3 Rg4+ 34. Kh3 Re4 35. Re1 e2 36. Bc2 Re5 37. Bd3 g5 38. Rg3 Nh5 39. Rf3 Nf4+ 40. Rxf4 gxf4 0-1

[Event "GER-ch Net blitz qual4"]
[Site "Playchess.com INT"]
[Date "2020.03.23"]
[Round "6"]
[White "Pernutz, Hans Gerhard"]
[Black "Bashylina, Luisa"]
[Result "0-1"]
[WhiteElo "2053"]
[BlackElo "1975"]
[PlyCount "56"]
[EventDate "2020.03.23"]
[EventType "swiss (blitz)"]
[EventRounds "9"]
[EventCountry "GER"]
[SourceTitle "CBM 195 Extra"]
[Source "ChessBase"]
[SourceDate "2020.05.31"]
[SourceVersion "1"]
[SourceVersionDate "2020.05.31"]
[SourceQuality "1"]

1. e4 c5 2. Nf3 a6 3. d4 cxd4 4. Nxd4 Nf6 5. Nc3 e5 6. Nf3 Bb4 7. Qd3 d5 8. Bd2 d4 9. Nb1 Qd6 10. a3 Bxd2+ 11. Nbxd2 b5 12. c3 Nc6 13. cxd4 exd4 14. Be2 0-0 15. 0-0 Be6 16. Rac1 Rac8 17. Rfd1 Rfd8 18. Nf1 Bc4 19. Rxc4 bxc4 20. Qxc4 Ne5 21. Qa4 Nxe4 22. Nxe5 Qxe5 23. Qxa6 Qf4 24. Bf3 Nf6 25. Ng3 Rc1 26. Qa4 Qd2 27. Nf1 Qxb2 28. Rxd4 Qxd4 0-1

[Event "GER-ch Net blitz qual4"]
[Site "Playchess.com INT"]
[Date "2020.03.23"]
[Round "5"]
[White "Pernutz, Hans Gerhard"]
[Black "Gremmer, Dieter"]
[Result "1-0"]
[WhiteElo "2053"]
[BlackElo "1720"]
[PlyCount "93"]
[EventDate "2020.03.23"]
[EventType "swiss (blitz)"]
[EventRounds "9"]
[EventCountry "GER"]
[SourceTitle "CBM 195 Extra"]
[Source "ChessBase"]
[SourceDate "2020.05.31"]
[SourceVersion "1"]
[SourceVersionDate "2020.05.31"]
[SourceQuality "1"]

1. e4 e6 2. d4 d5 3. Nd2 Be7 4. Ngf3 dxe4 5. Nxe4 Nf6 6. Ng3 0-0 7. Bd3 Nd5 8. c3 c6 9. 0-0 Nd7 10. Re1 N7f6 11. Ne5 c5 12. a3 cxd4 13. cxd4 Kh8 14. Bg5 h6 15. Bd2 Nd7 16. Rc1 Nxe5 17. dxe5 Nb6 18. Ba5 Bd7 19. Be4 Rb8 20. Qf3 f6 21. Bxb7 fxe5 22. Qe4 Rf4 23. Qxe5 Qf8 24. Red1 Rxb7 25. Rc2 Nd5 26. Nh5 Rf5 27. Qe2 Bb5 28. Qg4 Rg5 29. Qxe6 Rxh5 30. Rc8 Bd8 31. Rxd8 Qxd8 32. Bxd8 Nf4 33. Qg4 Ne2+ 34. Kh1 Re5 35. Ba5 Rf7 36. Qg6 Kg8 37. Rd8+ Rf8 38. Rxf8+ Kxf8 39. Qd6+ Re7 40. Bb4 Nf4 41. Qxe7+ Kg8 42. Qf8+ Kh7 43. Qxf4 Be2 44. Qf5+ Kh8 45. Qg6 Bc4 46. Bc3 Bg8 47. Qxg7# 1-0

[Event "GER-ch Net blitz qual3"]
[Site "Playchess.com INT"]
[Date "2020.03.21"]
[Round "4"]
[White "Windmueller, Simon"]
[Black "Pernutz, Hans Gerhard"]
[Result "0-1"]
[WhiteElo "1620"]
[BlackElo "2053"]
[PlyCount "112"]
[EventDate "2020.03.21"]
[EventType "swiss (blitz)"]
[EventRounds "9"]
[EventCountry "GER"]
[SourceTitle "CBM 195 Extra"]
[Source "ChessBase"]
[SourceDate "2020.05.31"]
[SourceVersion "1"]
[SourceVersionDate "2020.05.31"]
[SourceQuality "1"]

1. e4 c5 2. Nf3 Nc6 3. d4 cxd4 4. Nxd4 Nf6 5. Nxc6 bxc6 6. Nc3 d6 7. Bg5 e6 8. f4 Be7 9. e5 dxe5 10. Qxd8+ Bxd8 11. fxe5 Nd7 12. Bxd8 Kxd8 13. 0-0-0 Ke7 14. Bc4 Nxe5 15. Bb3 Ba6 16. Rhe1 Ng4 17. h3 Nf6 18. Ba4 Bb7 19. Ne4 Nxe4 20. Rxe4 Rad8 21. Rc4 Rxd1+ 22. Kxd1 Kd6 23. Rd4+ Kc7 24. Ke2 Rd8 25. Rc4 Ba6 26. b3 Bxc4+ 27. bxc4 Rd4 28. Bb3 c5 29. c3 Re4+ 30. Kf3 f5 31. g4 Re1 32. gxf5 exf5 33. Bc2 g6 34. Kf2 Rc1 35. Bb3 Rxc3 36. h4 Kd6 37. Kg2 h6 38. Kh2 g5 39. hxg5 hxg5 40. Kg2 Rxb3 41. axb3 a5 42. Kf3 Ke5 43. Ke3 g4 44. Kf2 f4 45. b4 axb4 46. Ke2 g3 47. Kf3 b3 48. Kg4 b2 49. Kh3 b1Q 50. Kg4 Qg6+ 51. Kf3 g2 52. Ke2 g1Q 53. Kd2 Q6g4 54. Kc2 Q4g3 55. Kd2 Q1h2+ 56. Kc1 Qgg1# 0-1

[Event "Oberliga Sued W 1819"]
[Site "Germany"]
[Date "2019.04.07"]
[Round "9.6"]
[White "Robert, Josef"]
[Black "Pernutz, Hans Gerhard"]
[Result "1/2-1/2"]
[WhiteElo "1938"]
[BlackElo "2057"]
[PlyCount "59"]
[EventDate "2018.10.21"]
[EventType "team-tourn"]
[EventRounds "9"]
[EventCountry "GER"]
[SourceTitle "EXT 2020"]
[Source "ChessBase"]
[SourceDate "2019.10.17"]
[SourceVersion "1"]
[SourceVersionDate "2019.10.17"]
[SourceQuality "1"]
[WhiteTeam "Winterbach Turm"]
[BlackTeam "Saarbruecken SVG"]
[WhiteTeamCountry "GER"]
[BlackTeamCountry "GER"]

1. c4 c5 2. Nc3 Nc6 3. g3 g6 4. Bg2 Bg7 5. e3 e6 6. Nge2 Nge7 7. 0-0 0-0 8. d4 cxd4 9. Nxd4 a6 10. Rb1 Nxd4 11. exd4 Nf5 12. Be3 d6 13. Qd3 Rb8 14. b4 b6 15. b5 a5 16. Bc6 Bb7 17. d5 Nxe3 18. Qxe3 e5 19. f3 Bc8 20. g4 f5 21. h3 Qh4 22. Kg2 Bh6 23. Qe1 Qxe1 24. Rfxe1 Bd2 25. Na4 Bxe1 26. Rxe1 fxg4 27. hxg4 Kf7 28. Kg3 Ke7 29. Rh1 Rf7 30. Nc3 1/2-1/2

[Event "Basel op"]
[Site "Basel"]
[Date "2019.01.04"]
[Round "4"]
[White "Pernutz, Hans Gerhard"]
[Black "Dekan, Hans"]
[Result "1/2-1/2"]
[WhiteElo "2053"]
[BlackElo "2123"]
[PlyCount "50"]
[EventDate "2019.01.02"]
[EventType "swiss"]
[EventRounds "7"]
[EventCountry "SUI"]
[SourceTitle "CBM 188 Extra"]
[Source "ChessBase"]
[SourceDate "2019.02.26"]
[SourceVersion "1"]
[SourceVersionDate "2019.02.26"]
[SourceQuality "1"]

1. e4 c5 2. Nf3 Nc6 3. d4 cxd4 4. Nxd4 e5 5. Nb5 d6 6. N1c3 a6 7. Na3 b5 8. Nd5 Nf6 9. Bg5 Be7 10. Bxf6 Bxf6 11. c3 Bg5 12. Bd3 Be6 13. Nc2 Ne7 14. Ncb4 0-0 15. a4 Nxd5 16. exd5 Bd7 17. axb5 e4 18. Be2 axb5 19. Rxa8 Qxa8 20. 0-0 Qa7 21. Qa1 Qb7 22. Qa6 Qxa6 23. Nxa6 Ra8 24. Nb4 e3 25. f4 Bf6 1/2-1/2

[Event "Oberliga Sued W 1617"]
[Site "Germany"]
[Date "2017.01.15"]
[Round "5.6"]
[White "Pernutz, Hans Gerhard"]
[Black "Martin, Mike"]
[Result "0-1"]
[WhiteElo "2088"]
[BlackElo "2090"]
[PlyCount "79"]
[EventDate "2016.09.25"]
[EventType "team-tourn"]
[EventRounds "9"]
[EventCountry "GER"]
[SourceTitle "EXT 2018"]
[Source "ChessBase"]
[SourceDate "2017.10.13"]
[SourceVersion "1"]
[SourceVersionDate "2017.10.13"]
[SourceQuality "1"]
[WhiteTeam "Saarbruecken SVG"]
[BlackTeam "Worms"]
[WhiteTeamCountry "GER"]
[BlackTeamCountry "GER"]

1. e4 c5 2. Nf3 d6 3. d4 cxd4 4. Nxd4 Nf6 5. Nc3 g6 6. g3 Bg7 7. Bg2 0-0 8. 0-0 Bd7 9. h3 Nc6 10. Nde2 Rc8 11. a4 Nb4 12. Be3 Qa5 13. Qd2 a6 14. Nf4 Qc7 15. a5 Rfe8 16. Bb6 Qc4 17. Rfe1 e5 18. Nd3 Nxd3 19. Qxd3 Qxd3 20. cxd3 Bh6 21. Re2 Be6 22. Kh2 Rc6 23. Rf1 Nd7 24. Nd5 Bxd5 25. exd5 Rcc8 26. Be3 Bxe3 27. fxe3 Rc5 28. Ra1 Rec8 29. b4 Rc3 30. d4 Rb3 31. Ra4 Rcc3 32. dxe5 Nxe5 33. e4 Rxg3 34. Raa2 Rgc3 35. Reb2 Nf3+ 36. Bxf3 Rxf3 37. Rxb3 Rxb3 38. Rc2 Rxb4 39. Kg3 Rb3+ 40. Kf4 0-1

[Event "Oberliga Sued W 1516"]
[Site "Germany"]
[Date "2016.04.10"]
[Round "9.8"]
[White "Manus, Christoph"]
[Black "Pernutz, Hans Gerhard"]
[Result "1/2-1/2"]
[WhiteElo "1994"]
[BlackElo "2092"]
[PlyCount "59"]
[EventDate "2015.09.20"]
[EventType "team-tourn"]
[EventRounds "9"]
[EventCountry "GER"]
[SourceTitle "EXT 2017"]
[Source "ChessBase"]
[SourceDate "2016.10.25"]
[SourceVersion "1"]
[SourceVersionDate "2016.10.25"]
[SourceQuality "1"]
[WhiteTeam "Schott Mainz II"]
[BlackTeam "Saarbruecken SVG"]
[WhiteTeamCountry "GER"]
[BlackTeamCountry "GER"]

1. e4 c5 2. Nc3 e6 3. g3 d5 4. Bg2 d4 5. Nce2 Nc6 6. d3 Nf6 7. h3 Be7 8. f4 Rb8 9. Nf3 0-0 10. 0-0 b5 11. g4 Nd7 12. Bd2 a5 13. Be1 g6 14. Ng3 Qc7 15. Nd2 Nb6 16. g5 f5 17. gxf6 Rxf6 18. e5 Rf7 19. Nde4 Nd5 20. Bd2 Bd7 21. Qg4 Kh8 22. h4 Rg8 23. Ng5 Bxg5 24. hxg5 Nce7 25. Ne4 Nf5 26. Qh3 Bc8 27. Rf2 Nfe3 28. Qh4 Nf5 29. Qh3 Nfe3 30. Qh4 1/2-1/2

[Event "Oberliga Sued W 1415"]
[Site "Germany"]
[Date "2015.03.15"]
[Round "8.6"]
[White "Pernutz, Hans Gerhard"]
[Black "Stahnecker, Ludwig"]
[Result "0-1"]
[WhiteElo "2097"]
[BlackElo "2126"]
[PlyCount "70"]
[EventDate "2014.09.21"]
[EventType "team-tourn"]
[EventRounds "9"]
[EventCountry "GER"]
[SourceTitle "EXT 2019"]
[Source "ChessBase"]
[SourceDate "2018.10.10"]
[SourceVersion "1"]
[SourceVersionDate "2018.10.10"]
[SourceQuality "1"]
[WhiteTeam "Saarbruecken SVG"]
[BlackTeam "Koblenz SV"]
[WhiteTeamCountry "GER"]
[BlackTeamCountry "GER"]

1. e4 c5 2. Nf3 e6 3. d4 cxd4 4. Nxd4 a6 5. Nc3 Qc7 6. Be3 Nf6 7. Qf3 Bb4 8. Nde2 Nc6 9. 0-0-0 0-0 10. g4 Ne5 11. Qg3 d6 12. g5 Nfd7 13. Bd4 b5 14. f4 Nc4 15. Rg1 Bb7 16. Bg2 e5 17. fxe5 dxe5 18. Bf2 Rac8 19. Be1 Bc5 20. Bh3 Rfd8 21. Bf2 Bxf2 22. Qxf2 b4 23. Nd5 Bxd5 24. Rxd5 Ne3 25. Rd2 Nxc2 26. Kb1 b3 27. axb3 Nd4 28. Nxd4 exd4 29. Rxd4 Rb8 30. Rgd1 Ne5 31. Qg3 Re8 32. Rd7 Qc6 33. R7d5 Rb5 34. Rxb5 Qxe4+ 35. Rd3 axb5 0-1

[Event "Oberliga Sued W 1415"]
[Site "Germany"]
[Date "2015.01.18"]
[Round "5.8"]
[White "Martin, Mike"]
[Black "Pernutz, Hans Gerhard"]
[Result "1/2-1/2"]
[WhiteElo "2112"]
[BlackElo "2102"]
[PlyCount "36"]
[EventDate "2014.09.21"]
[EventType "team-tourn"]
[EventRounds "9"]
[EventCountry "GER"]
[SourceTitle "EXT 2019"]
[Source "ChessBase"]
[SourceDate "2018.10.10"]
[SourceVersion "1"]
[SourceVersionDate "2018.10.10"]
[SourceQuality "1"]
[WhiteTeam "Worms"]
[BlackTeam "Saarbruecken SVG"]
[WhiteTeamCountry "GER"]
[BlackTeamCountry "GER"]

1. e4 c5 2. Nf3 Nc6 3. c3 d5 4. exd5 Qxd5 5. d4 e6 6. Be3 cxd4 7. Nxd4 Nf6 8. Be2 Nxd4 9. Bxd4 e5 10. Bf3 Qb5 11. c4 Bb4+ 12. Nc3 Qxc4 13. Bxe5 0-0 14. Qd4 Qxd4 15. Bxd4 Re8+ 16. Kf1 Bxc3 17. Bxc3 Ne4 18. Bxe4 Rxe4 1/2-1/2

[Event "Oberliga Sued W 1415"]
[Site "Germany"]
[Date "2014.12.07"]
[Round "4.8"]
[White "Pernutz, Hans Gerhard"]
[Black "Kaster, Juergen"]
[Result "1-0"]
[WhiteElo "2102"]
[BlackElo "2149"]
[PlyCount "61"]
[EventDate "2014.09.21"]
[EventType "team-tourn"]
[EventRounds "9"]
[EventCountry "GER"]
[SourceTitle "EXT 2019"]
[Source "ChessBase"]
[SourceDate "2018.10.10"]
[SourceVersion "1"]
[SourceVersionDate "2018.10.10"]
[SourceQuality "1"]
[WhiteTeam "Saarbruecken SVG"]
[BlackTeam "Heimbach Weis/Neuwied"]
[WhiteTeamCountry "GER"]
[BlackTeamCountry "GER"]

1. e4 c5 2. Nf3 e6 3. d4 cxd4 4. Nxd4 Bc5 5. Nb3 Bb6 6. Nc3 Ne7 7. Bd3 Nbc6 8. Qe2 0-0 9. Be3 f5 10. Bxb6 Qxb6 11. 0-0-0 Ne5 12. f3 Nxd3+ 13. Rxd3 fxe4 14. fxe4 Rf2 15. Qh5 Ng6 16. Rh3 Nf8 17. Rf3 g6 18. Qg4 Rxf3 19. Qxf3 d6 20. Rf1 Bd7 21. Qf7+ Kh8 22. Qe7 Kg8 23. Rf7 Qe3+ 24. Nd2 Qh6 25. Qf6 Be8 26. Re7 Bc6 27. g4 Re8 28. g5 Rxe7 29. gxh6 Rd7 30. Nc4 a6 31. Nxd6 1-0

[Event "Biel MTO op 47th"]
[Site "Biel"]
[Date "2014.07.14"]
[Round "1"]
[White "Pernutz, Hans Gerhard"]
[Black "Sebenik, Matej"]
[Result "0-1"]
[WhiteElo "2102"]
[BlackElo "2516"]
[PlyCount "136"]
[EventDate "2014.07.14"]
[EventType "swiss"]
[EventRounds "11"]
[EventCountry "SUI"]
[SourceTitle "CBM 161 Extra"]
[Source "ChessBase"]
[SourceDate "2014.08.29"]
[SourceVersion "1"]
[SourceVersionDate "2014.08.29"]
[SourceQuality "1"]

1. e4 c5 2. Nf3 d6 3. d4 cxd4 4. Nxd4 Nf6 5. Nc3 g6 6. g3 Nc6 7. Bg2 Nxd4 8. Qxd4 Bg7 9. 0-0 0-0 10. Qd3 Be6 11. Nd5 Rc8 12. c3 Bxd5 13. exd5 Ng4 14. Qe2 Ne5 15. Rb1 Qa5 16. a3 Rfe8 17. f4 Nc4 18. Qf3 Qb6+ 19. Qf2 Qxf2+ 20. Kxf2 b5 21. Rd1 Rc5 22. Be3 Nxe3 23. Kxe3 a5 24. Rd3 Rb8 25. Kd2 b4 26. axb4 axb4 27. Rc1 Rcb5 28. c4 Ra5 29. Rb3 Kf8 30. Bh3 Ke8 31. Kc2 Kd8 32. Kb1 Bf6 33. Bg4 Bd4 34. h4 h5 35. Be2 f5 36. Kc2 Kc7 37. Rf1 Ra4 38. Re1 Bf6 39. Bd1 Ra1 40. Rbe3 Kb6 41. Kb3 Kc5 42. Bc2 Rxe1 43. Rxe1 Ra8 44. Bd3 Ra7 45. Bc2 Bd4 46. Re6 Bf6 47. Re1 Kd4 48. Re2 Rc7 49. Rd2+ Ke3 50. Rd3+ Ke2 51. Bb1 Ra7 52. c5 dxc5 53. d6 Bd4 54. dxe7 Rxe7 55. Kc2 Re3 56. Rxe3+ Kxe3 57. Ba2 Kf3 58. Bf7 Kxg3 59. Bxg6 Kg4 60. b3 Bf6 61. Kd3 Bxh4 62. Kc4 Bf2 63. Kd5 h4 64. Ke5 Bd4+ 65. Ke6 Kxf4 66. Bxf5 Kg3 67. Kd5 h3 68. Be4 h2 0-1

[Event "Oberliga Sued W 1314"]
[Site "Germany"]
[Date "2014.03.16"]
[Round "8.8"]
[White "Keymer, Vincent"]
[Black "Pernutz, Hans Gerhard"]
[Result "1/2-1/2"]
[WhiteElo "1861"]
[BlackElo "2122"]
[PlyCount "88"]
[EventDate "2013.10.13"]
[EventType "team-tourn"]
[EventRounds "9"]
[EventCountry "GER"]
[SourceTitle "EXT 2015"]
[Source "ChessBase"]
[SourceDate "2014.11.20"]
[SourceVersion "1"]
[SourceVersionDate "2014.11.20"]
[SourceQuality "1"]
[WhiteTeam "Gau Algesheim"]
[BlackTeam "Saarbruecken"]
[WhiteTeamCountry "GER"]
[BlackTeamCountry "GER"]

1. c4 c5 2. g3 Nc6 3. Bg2 g6 4. Nc3 Bg7 5. d3 e6 6. Nh3 Nge7 7. Nf4 d6 8. Qd2 Rb8 9. b3 a6 10. Bb2 e5 11. Nfd5 b5 12. 0-0 b4 13. Ne4 Nxd5 14. cxd5 Nd4 15. e3 Nb5 16. f4 f5 17. fxe5 fxe4 18. e6 Bc3 19. Bxc3 Nxc3 20. dxe4 Rb7 21. Rf4 Qg5 22. Qf2 Re7 23. Rf1 Kd8 24. Rf8+ Re8 25. Rf7 Qe5 26. Ra7 Nb5 27. Rf7 Nc7 28. Bh3 Re7 29. Rf4 Rhe8 30. Rd1 a5 31. Bf1 Bb7 32. h4 Kc8 33. Qf3 Kb8 34. Bc4 Ka7 35. Rf7 Kb6 36. Rf4 Rg8 37. Rf1 Rge8 38. Rf2 Rd8 39. g4 Rde8 40. g5 Ra8 41. Rg4 Rae8 42. Kg2 Bc8 43. Qf6 Nb5 44. Rgf4 Nc3 1/2-1/2